Sata islannin kielistä verbiä - Statistics

Yleistilastot
  • Tätä visaa on pelattu 6 kertaa
  • Keskiarvotulos 6 / 100
Vastaustilastot
Suomi Islanti % Oikein
Osata Kunna
67%
Oppia Læra
67%
Aikoa Ætla
33%
Syödä Borða
33%
Asua Búa
33%
Alkaa Byrja
33%
Muuttaa | Tuoda Flytja
33%
Kävellä Ganga
33%
Lopettaa Hætta
33%
Kuulla Heyra
33%
Auttaa Hjálpa
33%
Tulla Koma
33%
Maksaa Kosta
33%
Nähdä Sjá
33%
Tulla joksikin Verða
33%
Haluta Vilja
33%
Elää Að lifa
0%
Lisätä Bæta við
0%
Taipua Beygjast
0%
Odottaa Biða
0%
Kutsua Bjóða
0%
Tarjota Bjóða up á
0%
Rakentaa Byggja
0%
Juoda Drekka
0%
Sattua Eiga sér stað
0%
Tarkoittaa Eiga við
0%
Saada, saavuttaa
0%
Laajentaa Færa út
0%
Mennä Fara
0%
Tapahtua Fara fram
0%
Matkustaa Ferðast
0%
Löytää Finna
0%
Löytyä Finnast
0%
Antaa Gefa
0%
Tehdä Gera
0%
Pystyä | Voida Geta
0%
Unohtaa Gleyma
0%
Olla/omistaa Hafa
0%
Harrastaa Hafa áhuga á
0%
Luulla Halda
0%
Jatkaa Halda áfram
0%
Majailla Hírast
0%
Tavata Hitta
0%
Katsoa Horfa
0%
Ajatella Hugsa
0%
Kadota Hverfa
0%
Ostaa Kaupa
0%
Opettaa Kenna
0%
Yllättää Koma á óvart
0%
Kokoontua Koma saman
0%
Tutustua Kynnast
0%
Ilmoittaa Láta vita
0%
Hakea Leita
0%
Lukea Lesa
0%
Sallia Leyfa
0%
Maata, sijaita Liggja
0%
Muistaa Muna eftir
0%
Nauttia Njóta
0%
Käyttää Nota
0%
Avata Opið
0%
Kokeilla Prófa
0%
Selvittää Raða út
0%
Yrittää Reyna
0%
Yhdistyä Sameinast
0%
Sanoa Segja
0%
Myydä Selja
0%
Laittaa Setja
0%
Voittaa Sigra
0%
Huolehtia Sjá um
0%
Ymmärtää Skilja
0%
Jakautua Skiptast
0%
Vaihtaa Skipta um
0%
Käydä Skreppa
0%
Kirjoittaa Skrifa
0%
Palata Snúa
0%
Nukkua Sofa
0%
Kysyä Spyrja
0%
Nousta Stíga
0%
Vastata Svara
0%
Näyttää Sýna
0%
Ottaa Taka
0%
Onnistua Takast
0%
Laskea, arvata, pitää Telja
0%
Tuntea Þekkja
0%
Palvella Þjóna
0%
Uskaltaa Þora
0%
Tarvita, täytyä Þurfa
0%
Pestä Þvo
0%
Kääntää Þýða
0%
Luottaa Treysta á
0%
Uskoa Trúa
0%
Herätä Vakna
0%
Kasvaa Vaxa
0%
Kalastaa Veiða
0%
Olla Vera
0%
Muistuttaa Vera líkur
0%
Toimia Vera stanfandi
0%
Tietää Vita
0%
Ehtoja vastaavia visoja ei löytynyt
Tulosjakauma
Jokaisen tuloksen saaneiden osuus
Persentiili vastausten määrän mukaan
Tuloshistoriasi
Et ole pelannut tätä visaa